LEADER 01683namaa2200337 i 4500 001 000000178700 003 CaOOAMICUS 005 20260511122811.0 007 tu 008 260507s2025 it m 001 udfre r 040 $aPUL$bita$erda 100 1 $aSemdi, Jean Luc,$eautore dissertazione.$0(OLS)http://pul/name/114990 245 10$aPauvreté et pauvres : défis et opportunités pour la pastorale de l'Eglise dans le contexte de l'est du Cameroun /$cJean Luc Semdi. 264 1$aPadova :$bFacoltà Teologica del Triveneto,$c2024. 300 $a200 pagine ;$c24 cm 336 $atesto$btxt$2rdacontent 337 $asenza mediazione$bn$2rdamedia 338 $avolume$bnc$2rdacarrier 500 $aData della pubblicazione desunta da verso del front: Imprimi potest 16 luglio 2024. 504 $aBibliografia: pagine 187-196. 650 4$aPovertà$xStudi.$0(OLS)http://pul/subject/9432 700 1 $aBoscolo, Gastone,$erelatore di tesi.$0(OLS)http://pul/name/45795 700 1 $aCaramazza, Giuseppe,$d1960-,$erelatore di tesi.$0(OLS)http://pul/name/114991 700 1 $aCappelletto, Maria,$erelatore di tesi.$0(OLS)http://pul/name/93165 710 2 $aFacoltà Teologica del Triveneto.$kTesi.$0(OLS)http://pul/name/86198 850 $aPUL 852 $aPUL$W1$xDP1 Tesi Varie$y51$m2024 B 8$j201098$qTesi $B207894$CPULBib$Z2$F207894 $Hnull $82 941 1 $a16 996 $6245$aPauvreté et pauvres : défis et opportunités pour la pastorale de l'Eglise dans le contexte de l'est du Cameroun$9(OLS)http://pul/title/220277 996 $6264$aPadova :$bFacoltà Teologica del Triveneto$9(OLS)http://pul/publisher/80058